LEADER 01225nam a2200301 a 4500 001 000000137681 003 CaOOAMICUS 005 20140311141452.0 008 140311s2013 it a u000 u ita r 020 $a978-88-6184-292-2 040 $aPUL$bita 082 04$a153 100 1 $aOliverio, Alberto.$0(OLS)http://pul/name/73909 245 10$aImmaginazione e memoria :$bfantasia e realtą nei processi mentali /$cAlberto Oliverio. 260 $aMilano :$bMondadori Universitą,$c©2013. 300 $aVI, 246 p. :$bill. ;$c21 cm 490 1 $aForma mentis 504 $aBibliografia in nota. 650 4$aMemoria.$0(OLS)http://pul/subject/22391 830 0$aForma mentis.$0(OLS)http://pul/title/174328 850 $aPUL 852 $aPUL$W1$xSL Filosofia 3$y81$m153 OLIAL 1$j158711$qDDC 21$q $B158237$CPULBib$Z2$F158237 $H123584 $81 941 1 $a9 996 $6020$a978-88-6184-292-2$9(OLS)http://pul/number/154752 996 $6082$a153$9(OLS)http://pul/classification/646 996 $6245$aImmaginazione e memoria :$bfantasia e realtą nei processi mentali$9(OLS)http://pul/title/174329 996 $6260$aMilano :$bMondadori Universitą$9(OLS)http://pul/publisher/80090 LEADER 01126nam a2200289 a 4500 001 000000144441 003 CaOOAMICUS 005 20150630112223.0 008 150630s1992 gw u000 u ger r 020 $a3-459-01961-1 040 $aPUL$bita 100 1 $aSchoberth, Ingrid.$0(OLS)http://pul/name/92656 245 10$aErinnerung als Praxis des Glaubens /$cIngrid Schoberth. 260 $aMünchen :$bChr. Kaiser,$c©1992. 300 $a312 p. ;$c23 cm 490 1 $aOffentliche Theologie ;$v03 504 $aBibliografia p. [289]-309. 650 4$aMemoria.$0(OLS)http://pul/subject/22391 830 0$aOffentliche Theologie ;$v03.$0(OLS)http://pul/title/182746 850 $aPUL 852 $aPUL$W1$xDP1 Fondo S. Lanza$y121$m3 G 27$j166724$qFondi$B167314$CPULBib$Z2$F167314 $HLan1968 $82 941 1 $a1 961 $aNota ms. di possesso: Sergio Lanza 996 $6020$a3-459-01961-1$9(OLS)http://pul/number/158119 996 $6245$aErinnerung als Praxis des Glaubens$9(OLS)http://pul/title/182745 996 $6260$aMünchen :$bChr. Kaiser$9(OLS)http://pul/publisher/69920